| 000 | 00634nam a2200205Ia 4500 | ||
|---|---|---|---|
| 003 | GCL | ||
| 008 | 140319s9999 xx 000 0 ara d | ||
| 040 |
_aGCL / _cGCL |
||
| 082 | 0 | 4 |
_a332.04 _bم ق |
| 100 | 1 | _aمحمود المراغى | |
| 245 | 1 | 0 |
_aالقطاع العام فى المجتمع متغير(تجربة مصر) / _cمحمود المراغى |
| 260 |
_a[S.N] : _bدار المستقبل العربى ، _c1983 |
||
| 300 | _a126 ص | ||
| 490 | _a | ||
| 650 | 0 | 4 | _aمصر |
| 650 | 0 | 4 | _aالقطاع العام |
| 650 | 0 | 4 | _aالادارة العامة |
| 650 | 0 | 4 | _aالمؤسسات العامة |
| 942 |
_2ddc _cBK |
||
| 999 |
_c34695 _d34695 |
||